[Event "43rd USA-ch (w)"]
[Site "New York USA"]
[Date "2004.06.17"]
[Round "1"]
[White "Belakovskaia, Anjelina"]
[Black "Abrahamyan, Tatev"]
[Result "1-0"]
[WhiteElo "2297"]
[BlackElo "2236"]
[EventDate "2004.06.17"]
[PlyCount "81"]

1.c4 c5 2.Nc3 b6 3.e4 Bb7 4.Nf3 d6 5.d4 cxd4 6.Nxd4 e6 7.Be2 a6 8.O-O Nf6 
9.f3 Be7 10.Qe1 O-O 11.Be3 Nbd7 12.Qg3 Kh8 13.Rac1 Rc8 14.b3 Qc7 15.Bd3 
Qb8 16.Qh3 Qa8 17.Bb1 Rfe8 18.g4 g6 19.Nde2 Bf8 20.g5 Nh5 21.Ng3 Nxg3 22.
Qxg3 d5 23.cxd5 exd5 24.Bd4+ Kg8 25.h4 Bc5 26.Bxc5 Rxc5 27.exd5 Bxd5 28.
Be4 Bxe4 29.Nxe4 Rxc1 30.Rxc1 Qd5 31.Rc7 Kg7 32.Qf4 Ne5 33.Kg2 Qd3 34.Qf6+
Kg8 35.Nd6 Qe2+ 36.Kg3 Qe1+ 37.Kg2 Qe2+ 38.Kg3 Qe1+ 39.Kg2 Qd2+ 40.Kh3 Qd5
41.Nxe8 1-0

[Event "43rd USA-ch (w)"]
[Site "New York USA"]
[Date "2004.06.17"]
[Round "1"]
[White "Shahade, Jennifer"]
[Black "Goletiani, Rusudan"]
[Result "1/2-1/2"]
[WhiteElo "2337"]
[BlackElo "2352"]
[EventDate "2004.06.17"]
[PlyCount "106"]

1.e4 c5 2.Nf3 d6 3.d4 cxd4 4.Nxd4 Nf6 5.Nc3 Nc6 6.Be2 e6 7.O-O Be7 8.Be3 
a6 9.f4 Qc7 10.Qe1 O-O 11.Qg3 Nxd4 12.Bxd4 b5 13.a3 Rb8 14.Kh1 b4 15.e5 
Ne8 16.exd6 Bxd6 17.Ne4 f6 18.Bd3 bxa3 19.bxa3 Be7 20.Rab1 Bxa3 21.Rxb8 
Qxb8 22.Bc4 Be7 23.Qh3 f5 24.Ng5 Bxg5 25.fxg5 Qb4 26.Qb3 Qxb3 27.cxb3 Nd6 
28.Bc5 Rd8 29.Bxd6 Rxd6 30.Rxf5 Rd1+ 31.Rf1 Rxf1+ 32.Bxf1 a5 33.Kg1 Kf7 
34.Bd3 e5 35.Kf2 Bb7 36.g3 e4 37.Bc4+ Kg6 38.h4 Kf5 39.Bg8 h6 40.gxh6 gxh6
41.Bc4 Bc6 42.Be2 Ke5 43.Ke3 Bd5 44.Bd1 Kf6 45.Bc2 Bc6 46.Bd1 Bd5 47.Bc2 
Kf5 48.Bd1 Bf7 49.Kd4 Bg8 50.Ke3 Ke5 51.Bc2 Bh7 52.Bd1 Bg8 53.Bc2 Bd5 
1/2-1/2

[Event "43rd USA-ch (w)"]
[Site "New York USA"]
[Date "2004.06.18"]
[Round "2"]
[White "Battsetseg, Tsagaan"]
[Black "Shahade, Jennifer"]
[Result "0-1"]
[WhiteElo "2246"]
[BlackElo "2337"]
[EventDate "2004.06.17"]
[PlyCount "110"]

1.e4 c5 2.Nf3 d6 3.d4 cxd4 4.Nxd4 Nf6 5.Nc3 a6 6.Be3 e5 7.Nb3 Be6 8.f3 Be7
9.Qd2 Nbd7 10.g4 Nb6 11.g5 Nh5 12.O-O-O O-O 13.Rg1 Qc7 14.Nd5 Bxd5 15.exd5
a5 16.Nc5 Rac8 17.c3 Nxd5 18.Qxd5 dxc5 19.Bc4 Rcd8 20.Qe4 g6 21.h4 Rd4 22.
cxd4 cxd4 23.Bd2 Qxc4+ 24.Kb1 Qb5 25.a4 Qc5 26.Rc1 Qd6 27.Rge1 f6 28.f4 
Qa6 29.Rc7 Bd6 30.Rd7 Kh8 31.fxe5 fxe5 32.Bc1 Ng3 33.Qd5 Nf5 34.Rxe5 Bxe5 
35.Qxe5+ Kg8 36.Qd5+ Kh8 37.Qe5+ Kg8 38.Qd5+ Kh8 39.Ka2 Qc6 40.Qe5+ Kg8 
41.Rc7 Qxa4+ 42.Kb1 Qb3 43.h5 gxh5 44.Qe4 d3 45.Rc3 Qb5 46.Qe6+ Kh8 47.Bd2
Qe8 48.Qd5 Qf7 49.Qxd3 Ng7 50.Qd4 Qf5+ 51.Ka2 Qe6+ 52.Rb3 b5 53.Bc3 Rg8 
54.Bxa5 Ra8 55.Qb4 Qd5 0-1

[Event "43rd USA-ch (w)"]
[Site "New York USA"]
[Date "2004.06.18"]
[Round "2"]
[White "Zatonskih, Anna"]
[Black "Belakovskaia, Anjelina"]
[Result "1-0"]
[WhiteElo "2444"]
[BlackElo "2297"]
[EventDate "2004.06.17"]
[PlyCount "75"]

1.e4 e5 2.Nf3 Nc6 3.Bb5 a6 4.Ba4 Nf6 5.O-O Be7 6.Re1 b5 7.Bb3 O-O 8.h3 Bb7
9.d3 d6 10.c3 Nb8 11.Nbd2 Nbd7 12.Nf1 h6 13.Ng3 Re8 14.a3 Bf8 15.Nh4 d5 
16.Qf3 Nc5 17.Ba2 dxe4 18.dxe4 Qd3 19.Re3 Qc2 20.Nhf5 Ncxe4 21.Nxh6+ Kh7 
22.Nxe4 Nxe4 23.Nxf7 Qxf2+ 24.Qxf2 Nxf2 25.Ng5+ Kh8 26.b4 a5 27.Kxf2 c5 
28.Ne6 Bd6 29.bxc5 Bb8 30.Re1 Ra6 31.Ng5 e4 32.Be3 Rf6+ 33.Kg1 Rf5 34.Nf7+
Kh7 35.Nd6 Bxd6 36.cxd6 Rd8 37.Rad1 Rd7 38.Be6 1-0

[Event "43rd USA-ch (w)"]
[Site "New York USA"]
[Date "2004.06.19"]
[Round "3"]
[White "Goletiani, Rusudan"]
[Black "Battsetseg, Tsagaan"]
[Result "0-1"]
[WhiteElo "2352"]
[BlackElo "2246"]
[EventDate "2004.06.17"]
[PlyCount "172"]

1.Nf3 g6 2.d4 Bg7 3.e3 c5 4.Be2 Nf6 5.O-O O-O 6.c4 d6 7.Nc3 Nc6 8.d5 Nb8 
9.e4 b5 10.cxb5 a6 11.Nd2 Nbd7 12.Kh1 axb5 13.Bxb5 Ba6 14.Bxa6 Rxa6 15.Qe2
Qa8 16.f4 Nb6 17.Rf3 Na4 18.Nb5 Rc8 19.Ra3 Ra5 20.Nb3 Ra6 21.Rb1 Qb7 22.
Nd2 c4 23.Nc3 Nxc3 24.bxc3 Rb6 25.Rxb6 Qxb6 26.Ra4 h5 27.Rb4 Qa7 28.Rxc4 
Rxc4 29.Nxc4 Nxe4 30.Qxe4 Qf2 31.Nd2 Bxc3 32.h3 Bxd2 33.Bxd2 Qxd2 34.a4 
Kf8 35.Kh2 h4 36.Qc4 Qe1 37.Qc8+ Kg7 38.Qg4 f5 39.Qf3 Kf7 40.Qb3 Qe4 41.a5
Qxf4+ 42.Kh1 Qf2 43.Qb6 Qe1+ 44.Kh2 f4 45.Qd4 Qg3+ 46.Kh1 Qe1+ 47.Kh2 Qxa5
48.Qxf4+ Ke8 49.Qe4 Kd8 50.Qe6 Qd2 51.Qg8+ Kc7 52.Qe8 Qf4+ 53.Kh1 Qe4 54.
Qb5 Qe1+ 55.Kh2 Qe5+ 56.Kg1 e6 57.Qc4+ Kb6 58.Qb3+ Kc7 59.Qc4+ Kd7 60.
dxe6+ Qxe6 61.Qxh4 d5 62.Kf2 Kc6 63.Qd4 Qf5+ 64.Ke2 Qc2+ 65.Kf3 Qf5+ 66.
Kg3 Kb5 67.h4 Kc6 68.Kh2 Kd6 69.Qd1 Qf4+ 70.g3 Qf2+ 71.Kh3 d4 72.h5 gxh5 
73.Qd3 Ke5 74.Qb5+ Ke4 75.Qe8+ Kd3 76.Qxh5 Qf1+ 77.Kh2 Qf2+ 78.Kh3 Qf1+ 
79.Kh2 Qe2+ 80.Qxe2+ Kxe2 81.g4 d3 82.Kg3 d2 83.g5 d1=Q 84.Kf4 Qd4+ 85.Kf5
Qg7 86.g6 Ke3 0-1

[Event "43rd USA-ch (w)"]
[Site "New York USA"]
[Date "2004.06.19"]
[Round "3"]
[White "Shahade, Jennifer"]
[Black "Abrahamyan, Tatev"]
[Result "1-0"]
[WhiteElo "2337"]
[BlackElo "2236"]
[EventDate "2004.06.17"]
[PlyCount "61"]

1.e4 e6 2.d4 d5 3.Nd2 Nf6 4.e5 Nfd7 5.Bd3 c5 6.c3 Nc6 7.Ngf3 cxd4 8.cxd4 
Qb6 9.O-O Nxd4 10.Nxd4 Qxd4 11.Nf3 Qb6 12.Qa4 Be7 13.Qg4 Kf8 14.Bg5 Qd8 
15.Qf4 Nc5 16.Bc2 Bd7 17.b4 Na6 18.a3 Kg8 19.Bd3 h6 20.Bxe7 Qxe7 21.Rfc1 
Be8 22.Rc3 Rd8 23.Qd4 Nb8 24.b5 b6 25.h4 g6 26.Qb4 Qb7 27.Rac1 Rd7 28.Nd4 
Kg7 29.Nc6 h5 30.Qf4 Rc7 31.Nd8 1-0

[Event "43rd USA-ch (w)"]
[Site "New York USA"]
[Date "2004.06.20"]
[Round "4"]
[White "Abrahamyan, Tatev"]
[Black "Goletiani, Rusudan"]
[Result "1-0"]
[WhiteElo "2236"]
[BlackElo "2352"]
[EventDate "2004.06.17"]
[PlyCount "53"]

1.e4 c5 2.Nf3 d6 3.d4 cxd4 4.Nxd4 Nf6 5.Nc3 Nc6 6.f3 e6 7.Be3 a6 8.Qd2 Be7
9.g4 h6 10.O-O-O Bd7 11.h4 b5 12.Kb1 Nxd4 13.Bxd4 b4 14.Ne2 e5 15.Be3 Be6 
16.Bh3 Qc8 17.Ng3 Rb8 18.g5 Bxh3 19.gxf6 gxf6 20.Rxh3 Qxh3 21.Nf5 Rd8 22.
Qd5 Qxf3 23.Rg1 Bf8 24.Qc6+ Rd7 25.Bb6 Be7 26.Ng7+ Kf8 27.Qxd7 1-0

[Event "43rd USA-ch (w)"]
[Site "New York USA"]
[Date "2004.06.22"]
[Round "5"]
[White "Battsetseg, Tsagaan"]
[Black "Abrahamyan, Tatev"]
[Result "1-0"]
[WhiteElo "2246"]
[BlackElo "2236"]
[EventDate "2004.06.17"]
[PlyCount "49"]

1.e4 c5 2.Nc3 d6 3.Nf3 Nf6 4.d4 cxd4 5.Nxd4 a6 6.Bg5 e6 7.f3 Nbd7 8.Qd2 h6
9.Be3 b5 10.O-O-O Bb7 11.Bd3 Rc8 12.Rhe1 Be7 13.Kb1 Ne5 14.a3 Nc4 15.Bxc4 
Rxc4 16.Nb3 Qc7 17.Ne2 O-O 18.Bd4 e5 19.Bc3 d5 20.Ba5 Qb8 21.exd5 Bxd5 22.
Nec1 b4 23.a4 Be6 24.Qe2 Bf5 25.Qxc4 1-0

[Event "43rd USA-ch (w)"]
[Site "New York USA"]
[Date "2004.06.22"]
[Round "5"]
[White "Goletiani, Rusudan"]
[Black "Zatonskih, Anna"]
[Result "1-0"]
[WhiteElo "2352"]
[BlackElo "2444"]
[EventDate "2004.06.17"]
[PlyCount "135"]

1.Nf3 d5 2.b3 Bg4 3.Bb2 Nd7 4.g3 Ngf6 5.Bg2 e6 6.d3 Bd6 7.Nbd2 O-O 8.O-O 
e5 9.e4 c6 10.h3 Bh5 11.a3 Re8 12.Qe1 dxe4 13.dxe4 Bxf3 14.Nxf3 Nc5 15.Nh4
Bf8 16.Qe3 Qb6 17.Rfe1 Qc7 18.Nf5 Ne6 19.Rad1 Rad8 20.Kh1 a5 21.Qf3 g6 22.
Ne3 Bg7 23.Nc4 Nd7 24.Bc3 Nd4 25.Bxd4 exd4 26.a4 b5 27.Nb2 Qd6 28.Qe2 Qa3 
29.Nd3 Qe7 30.axb5 cxb5 31.Ra1 Ra8 32.e5 Ra7 33.f4 Nc5 34.Ra2 f6 35.Bc6 
Rb8 36.exf6 Qxf6 37.Bxb5 Nxd3 38.Bxd3 Kh8 39.Qe6 Qf8 40.Ra4 Raa8 41.Qe7 
Rb4 42.Qd7 Rd8 43.Qc6 Rxa4 44.bxa4 Qb4 45.Re2 Qb8 46.Kh2 Qa8 47.Qe6 Rf8 
48.h4 Qf3 49.Qd7 Bf6 50.Qd6 Kg7 51.Bc4 Rf7 52.Qe6 Rf8 53.Qd7+ Kh6 54.Qd6 
Bg7 55.Qe7 Rf5 56.Qg5+ Rxg5 57.hxg5+ Kh5 58.Rd2 h6 59.Be2 Qxe2+ 60.Rxe2 
hxg5 61.Re7 Bf6 62.Re6 Bd8 63.Rd6 Bc7 64.Rd5 Kg4 65.Rxg5+ Kf3 66.Rxg6 Ke2 
67.Rc6 Bb8 68.Kh3 1-0

[Event "43rd USA-ch (w)"]
[Site "New York USA"]
[Date "2004.06.23"]
[Round "6"]
[White "Zatonskih, Anna"]
[Black "Battsetseg, Tsagaan"]
[Result "1-0"]
[WhiteElo "2444"]
[BlackElo "2246"]
[EventDate "2004.06.17"]
[PlyCount "77"]

1.e4 c5 2.Nf3 Nc6 3.d4 cxd4 4.Nxd4 g6 5.c4 Nf6 6.Nc3 d6 7.Be2 Nxd4 8.Qxd4 
Bg7 9.Be3 O-O 10.Qd2 Ng4 11.Bxg4 Bxg4 12.Bd4 Bxd4 13.Qxd4 Be6 14.O-O Qa5 
15.b3 Rac8 16.a4 Qb4 17.Rab1 a5 18.Rfe1 Rfd8 19.Re3 Qc5 20.Qd2 Qb4 21.h3 
Rc6 22.Kh1 Rdc8 23.f4 f6 24.Qf2 Bf7 25.Rb2 Kg7 26.Nb5 Qc5 27.Rbe2 Rd8 28.
Qe1 Qb6 29.Qc3 Rdc8 30.Kh2 Kf8 31.Rd2 Rc5 32.Qb2 Qc6 33.Ree2 Rd8 34.Rd1 
Qb6 35.Red2 Rdc8 36.Qc3 Qc6 37.e5 dxe5 38.Na7 Qe4 39.Nxc8 1-0